Chilena o cueca tradicional: de acuerdo con las enseñanzas de Don Fernando González Maraboli

Sparad:
Bibliografiska uppgifter
Huvudupphovsmän: Claro Valdés, Samuel (Författare, medförfattare), Peña Fuenzalida, Carmen (Författare, medförfattare), Quevedo Cifuentes, María Isabel (Författare, medförfattare)
Materialtyp: Bok
Språk:spanska
Publicerad: Santiago Universidad Católica de Chile 1994
Ämnen:
Taggar: Lägg till en tagg
Inga taggar, Lägg till första taggen!

MARC

LEADER 00000nam a2200000 a 4500
001 UCY5015
003 CL-VaPUC
008 950410e19940000CL |||||||||||||||||spa|d
082 0 4 |a 793.31983  |b CLA  |2 21 
100 0 |a Claro Valdés, Samuel  |e author  |9 333581 
700 |a Peña Fuenzalida, Carmen  |e author  |9 563195 
700 0 |a Quevedo Cifuentes, María Isabel  |e author  |9 333583 
245 1 0 |a Chilena o cueca tradicional: de acuerdo con las enseñanzas de Don Fernando González Maraboli 
300 |a 543 p 
942 |c BK 
945 |d 19950410 00:00:00  |a oaravena 
260 |a Santiago  |b Universidad Católica de Chile  |c 1994 
650 0 |a Música folklórica  |9 306412 
650 7 |a CUECA DANZA  |2 CL-VaPUC  |9 333584 
651 7 |a CHILE  |2 CL-VaPUC  |9 333585 
583 |a last modification  |c 19950410 00:00:00  |k Rodrigo Vera 
999 |c 232750  |d 232748 
952 |0 0  |1 0  |4 0  |6 793_319830000000000_CLA_1994  |7 0  |8 A  |9 237616  |a BIBEDU  |b BIBEDU  |d 2019-11-15  |i 3072908  |o 793.31983 CLA 1994  |p 3072908  |r 2023-11-28  |w 2019-11-15  |y BK  |k MUS 
952 |0 0  |1 0  |4 0  |6 793_319830000000000_CLA_1994  |7 0  |8 X  |9 237617  |a FDOMLP  |b FDOMLP  |d 2019-11-15  |i 3826910  |o 793.31983 CLA 1994  |p 3826910  |r 2019-11-15  |w 2019-11-15  |y BK_X  |k BU2